[Event "Duesseldorf Nord Cup 9th GrN"]
[Site "Duesseldorf"]
[Date "2009.08.15"]
[Round "2"]
[White "Weinkauf, Viktor"]
[Black "Kugathasan, Sven G"]
[Result "1-0"]
[WhiteElo "1017"]
[BlackElo "966"]
[PlyCount "105"]
[EventDate "2009.08.14"]
[EventType "tourn"]
[EventRounds "5"]
[EventCountry "GER"]
[SourceTitle "EXT 2020"]
[Source "ChessBase"]
[SourceDate "2019.10.17"]
[SourceVersion "1"]
[SourceVersionDate "2019.10.17"]
[SourceQuality "1"]

1. e4 e5 2. Nf3 Nc6 3. Bb5 Nf6 4. d3 Bc5 5. 0-0 0-0 6. Bxc6 dxc6 7. Nxe5 Bd4 8. Nf3 Qd6 9. Nxd4 Qxd4 10. c3 Qe5 11. Nd2 Ng4 12. Nf3 Qd6 13. h3 Ne5 14. Nxe5 Qxe5 15. Qf3 Re8 16. Re1 f5 17. Bf4 Qf6 18. Bxc7 c5 19. Re2 Re7 20. Bd8 Bd7 21. Bxe7 Qxe7 22. Rae1 Qf7 23. exf5 Bxf5 24. g4 Qg6 25. Qxf5 Qxf5 26. gxf5 Rf8 27. Re8 b5 28. R1e7 Rxe8 29. Rxe8+ Kf7 30. Ra8 g5 31. fxg6+ Kxg6 32. Rxa7 h5 33. Ra5 Kg5 34. Rxb5 Kh4 35. Rxc5 Kxh3 36. Rxh5+ Kg4 37. a4 Kxh5 38. a5 Kg5 39. a6 Kf4 40. a7 Kf3 41. a8Q+ Ke2 42. Qe4+ Kd2 43. d4 Kd1 44. Kf1 Kd2 45. d5 Kd1 46. Qe2+ Kc1 47. b4 Kb1 48. Qd2 Ka1 49. Ke2 Kb1 50. Kd3 Ka1 51. c4 Kb1 52. Kc3 Ka1 53. Qb2# 1-0